Konštrukčný návrh pedálovej sústavy elektrického vozidla Formula Student

Enregistré dans:
Détails bibliographiques
Auteur principal: Fialka, Tomáš (Auteur)
Autres auteurs: Magdolen, Ľuboš (Directeur de thèse)
Format: Manuscrit Livre
Langue:slovaque
Publié: 2022
Sujets:
Accès en ligne:http://is.stuba.sk/zp/portal_zp.pl?podrobnosti=164892
Tags: Ajouter un tag
Pas de tags, Soyez le premier à ajouter un tag!

MARC

LEADER 00000ntm a22000003a 4500
001 stuzp90961
003 SK-STU
005 20220611214212.2
007 ta
008 150427s2015----xo-----f-mn---000-0-slo-d
040 |a STU  |b slo 
041 0 |a slo 
100 1 |a Fialka, Tomáš  |u 020030  |k Z4  |4 aut  |U SjF Strojnícka fakulta  |T SjF Ústav dopravnej techniky a konštruovania  |X 93279  |U J0030  |Y 806  |7 93279 
242 0 1 |a Constructional design of the pedal assembly of the Formula Student electric vehicle  |y eng 
245 1 0 |a Konštrukčný návrh pedálovej sústavy elektrického vozidla Formula Student 
260 |c 2022 
650 4 |a pedálová zostava  |2 slo 
650 4 |a posuvné pedále  |2 slo 
650 4 |a formula student  |2 slo 
650 4 |a návrh posuvných pedálov  |2 slo 
650 4 |a adjustable pedals  |2 eng 
650 4 |a pedal assembly  |2 eng 
650 4 |a formula student  |2 eng 
650 4 |a design of the adjustable pedals  |2 eng 
700 1 |a Magdolen, Ľuboš  |u 020030  |k Z1  |4 ths  |U SjF Strojnícka fakulta  |T SjF Ústav dopravnej techniky a konštruovania  |X 2362  |U J0030  |Y 806  |7 A00002362 
856 4 |u http://is.stuba.sk/zp/portal_zp.pl?podrobnosti=164892 
996 |b 284J046925  |c J* 3425/DDP  |l JJSK  |s A  |a 24  |w stuzp90961_0001